| 000 | 00448nam a2200169Ia 4500 | ||
|---|---|---|---|
| 008 | 221030s9999 xx 000 0 und d | ||
| 020 | _a0074633864 | ||
| 041 | _aEnglish | ||
| 082 |
_a105.23 _bSal |
||
| 100 | _aS. Salivahanan | ||
| 245 | 0 |
_aElectronic Devices & Circuits ( DEPARTMENTAL ) _cby S. Salivahanan, N. K Suresh |
|
| 260 |
_bTMH _aNew Delhi _c2006 |
||
| 300 | _a705 | ||
| 650 | _aECE Departmental | ||
| 700 | _aN. K Suresh | ||
| 942 | _cBK | ||
| 999 |
_c3590 _d3590 |
||